LEADER 01165nam--2200385---450- 001 990000416590203316 005 20050920140033.0 010 $a88-15-04238-5 035 $a0041659 035 $aUSA010041659 035 $a(ALEPH)000041659USA01 035 $a0041659 100 $a20010426h----1993km-y0itay0103----ba 101 $ait 102 $aITA 105 $a||||||||001yy 200 1 $a<> elisio effimero$escrittori in giardino$fBruno Basile 210 $aBologna$cIl Mulino$h1993 215 $a195 p.$d22 cm 225 2 $aRicerca$iLinguistica e critica letteraria 410 $12001$aRicerca$iLinguistica e critica letteraria 606 0 $aGiardini nella letteratura$zSec. 16.-19. 676 $a809.9336 700 1$aBASILE,$bBruno$033583 801 0$aIT$bsalbc$gISBD 912 $a990000416590203316 951 $aVIII.3. 775(VI B COLL. 68/59)$b128300 LM$cVI B COLL. 959 $aBK 969 $aUMA 979 $aPATTY$b90$c20010426$lUSA01$h0933 979 $c20020403$lUSA01$h1649 979 $aPATRY$b90$c20040406$lUSA01$h1629 979 $aCOPAT6$b90$c20050920$lUSA01$h1400 996 $aElisio effimero$9875015 997 $aUNISA LEADER 03486nam 2200793 a 450 001 9910968496103321 005 20241107101007.0 010 $a1-135-78850-2 010 $a1-135-78849-9 010 $a1-280-15657-0 010 $a0-203-99483-3 024 7 $a10.4324/9780203994832 035 $a(CKB)1000000000253240 035 $a(EBL)242061 035 $a(OCoLC)475959777 035 $a(SSID)ssj0000235662 035 $a(PQKBManifestationID)11924769 035 $a(PQKBTitleCode)TC0000235662 035 $a(PQKBWorkID)10256299 035 $a(PQKB)11351463 035 $a(Au-PeEL)EBL242061 035 $a(CaPaEBR)ebr10166145 035 $a(CaONFJC)MIL15657 035 $a(OCoLC)252990464 035 $a(MiAaPQ)EBC242061 035 $a(oapen)https://directory.doabooks.org/handle/20.500.12854/39620 035 $a(OCoLC)50028701 035 $a(FINmELB)ELB157930 035 $a(ODN)ODN0004066683 035 $a(oapen)doab39620 035 $a(ScCtBLL)93425a53-2851-4e91-84ab-f505607036e7 035 $a(EXLCZ)991000000000253240 100 $a20020606d2002 uy 0 101 0 $aeng 135 $aur|n||||||||| 181 $ctxt$2rdacontent 182 $cc$2rdamedia 183 $acr$2rdacarrier 200 10$aReligious motivation and the origins of Buddhism $ea social-psychological exploration of the origins of a world religion /$fTorkel Brekke 210 $aLondon ;$aNew York $cRoutledgeCurzon$d2002 215 $a1 online resource (161 pages) 225 1 $aRoutledgeCurzon critical studies in Buddhism 300 $aDescription based upon print version of record. 311 08$a0-7007-1683-1 311 08$a0-7007-1684-X 320 $aIncludes bibliographical references (p. 137-146) and index. 327 $aIntroduction; 1 The Historical Value Of The Khandhaka Of The Khandhaka Of The Vinaya Pitaka; 2 Religious Motivation And The Relationship Between The Early Samgha And The Laity; 3 Religious Motivation And The Theme Of Conversion In Buddhism; 4 Social Psychology And The Religious Motivation Of The Early Buddhists; 5 Religious Motivation And The Role Of Fear; 6 Religious Motivation And The Merit Of Giving; Notes; Bibliography; Index 330 $aWhy did people in North India from the 5th century BC choose to leave the world and join the sect of the Buddha? This is the first book to apply the insights of social psychology in order to understand the religious motivation of the people who constituted the early Buddhist community. It also addresses the more general and theoretically controversial question of how world religions come into being, by focusing on the conversion process of the individual believer. 410 0$aRoutledgeCurzon critical studies in Buddhism. 606 $aBuddhists$zIndia$xHistory$yTo 324 B.C 606 $aBuddhist converts$xPsychology 606 $aConversion$xBuddhism 606 $aBuddhist sanghas 606 $aBuddhism$xSocial aspects 615 0$aBuddhists$xHistory 615 0$aBuddhist converts$xPsychology. 615 0$aConversion$xBuddhism. 615 0$aBuddhist sanghas. 615 0$aBuddhism$xSocial aspects. 676 $a294.3/442 686 $aPHI000000$aREL007010$aSOC008000$2bisacsh 700 $aBrekke$b Torkel$0853973 801 0$bMiAaPQ 801 1$bMiAaPQ 801 2$bMiAaPQ 906 $aBOOK 912 $a9910968496103321 996 $aReligious motivation and the origins of Buddhism$91906630 997 $aUNINA